[Event "Otocec Krka Terme op"]
[Site "Otocec"]
[Date "2021.07.08"]
[Round "7"]
[White "Povse, Martin"]
[Black "Cimperman, Teo"]
[Result "1-0"]
[WhiteElo "2010"]
[BlackElo "1608"]
[PlyCount "131"]
[EventDate "2021.07.03"]
[EventType "swiss"]
[EventRounds "9"]
[EventCountry "SLO"]
[SourceTitle "CBM 203 Extra"]
[Source "ChessBase"]
[SourceDate "2021.09.30"]
[SourceVersion "1"]
[SourceVersionDate "2021.09.30"]
[SourceQuality "1"]

1. e4 c5 2. Nf3 Nc6 3. d4 cxd4 4. Nxd4 g6 5. Be3 Bg7 6. Nc3 Nf6 7. Be2 0-0 8. 0-0 d5 9. exd5 Nxd5 10. Nxd5 Qxd5 11. Bf3 Qc4 12. Nxc6 bxc6 13. c3 Bf5 14. Qb3 Qxb3 15. axb3 Rab8 16. b4 a6 17. Rfd1 Rfd8 18. Bxc6 Bd3 19. Rd2 Rd6 20. Bf3 Rbd8 21. Rad1 Bc4 22. g3 f5 23. Rxd6 Rxd6 24. Bc5 Rxd1+ 25. Bxd1 e5 26. f3 Kf7 27. Kf2 Ke6 28. Ba4 Kd5 29. b3 Bd3 30. Bd7 e4 31. c4+ Ke5 32. Ke3 Bh6+ 33. f4+ Kf6 34. b5 axb5 35. cxb5 Bg7 36. b6 Ba6 37. Bc6 g5 38. b7 Bxb7 39. Bxb7 gxf4+ 40. gxf4 Kg6 41. Bc8 Bb2 42. Bd6 Bc1+ 43. Ke2 Bb2 44. Bd7 Bd4 45. b4 Bg1 46. h3 Bd4 47. Bc7 Ba7 48. b5 Bc5 49. b6 Bxb6 50. Bxb6 Kf6 51. Bd8+ Kg6 52. Ke3 h6 53. Be6 h5 54. h4 Kg7 55. Bxf5 Kf7 56. Kxe4 Ke8 57. Bg5 Kf7 58. Bd7 Kf8 59. Ke5 Kf7 60. f5 Kg7 61. Be8 Kh7 62. Bxh5 Kg7 63. Ke6 Kh7 64. Kf7 Kh8 65. Kf8 Kh7 66. Bg6+ 1-0

[Event "Otocec Krka Terme op"]
[Site "Otocec"]
[Date "2021.07.07"]
[Round "6"]
[White "Cimperman, Teo"]
[Black "Radej, Filip"]
[Result "1/2-1/2"]
[WhiteElo "1608"]
[BlackElo "1180"]
[PlyCount "135"]
[EventDate "2021.07.03"]
[EventType "swiss"]
[EventRounds "9"]
[EventCountry "SLO"]
[SourceTitle "CBM 203 Extra"]
[Source "ChessBase"]
[SourceDate "2021.09.30"]
[SourceVersion "1"]
[SourceVersionDate "2021.09.30"]
[SourceQuality "1"]

1. e4 c5 2. Nf3 d6 3. d4 cxd4 4. Nxd4 Nf6 5. Nc3 a6 6. g3 e5 7. Nde2 Be6 8. Bg2 Be7 9. Nd5 Nxd5 10. exd5 Bf5 11. 0-0 0-0 12. Nc3 Nd7 13. Be3 b5 14. Qd2 Nb6 15. b3 Rc8 16. Rac1 h6 17. h3 Bg6 18. Ne2 Bg5 19. f4 exf4 20. gxf4 Bf6 21. Bd4 Nd7 22. c3 Re8 23. Rce1 Bh4 24. Rc1 Qe7 25. Bf3 Be4 26. Bg4 Nf6 27. Bxc8 Rxc8 28. Kh2 Nh5 29. Rg1 Re8 30. c4 Bf3 31. Nc3 b4 32. Qd3 bxc3 33. Qxf3 Qe2+ 34. Qxe2 Rxe2+ 35. Kh1 Ng3+ 36. Rxg3 Bxg3 37. Rxc3 Bxf4 38. a3 g5 39. b4 Kf8 40. c5 dxc5 41. bxc5 Rd2 42. Rc4 Ke8 43. Bg7 Rxd5 44. Bxh6 Kd7 45. h4 f6 46. Bg7 Be3 47. c6+ Kc7 48. h5 g4 49. h6 Bxh6 50. Bxf6 Bf8 51. Ra4 a5 52. Rxg4 Bxa3 53. Rg6 Bd6 54. Kg2 Kxc6 55. Kf3 Kc5 56. Ke2 a4 57. Bb2 Kb4 58. Rg7 Kb3 59. Rb7+ Ka2 60. Bc3 a3 61. Bg7 Be5 62. Bxe5 Rxe5+ 63. Kd2 Ka1 64. Kc2 Re2+ 65. Kc1 Rb2 66. Rc7 a2 67. Rc5 Rh2 68. Rc8 1/2-1/2

[Event "Balkan-ch U12"]
[Site "Tornelo INT"]
[Date "2020.10.31"]
[Round "1"]
[White "Cimperman, Teo"]
[Black "Dragicevic, Niksa"]
[Result "1-0"]
[WhiteElo "1447"]
[BlackElo "1042"]
[PlyCount "111"]
[EventDate "2020.10.31"]
[EventType "swiss"]
[EventRounds "7"]
[EventCountry "NET"]
[SourceTitle "EXT 2023"]
[Source "ChessBase"]
[SourceDate "2022.10.05"]
[SourceVersion "1"]
[SourceVersionDate "2022.10.05"]
[SourceQuality "1"]

1. e4 e5 2. Nf3 Nc6 3. Bc4 Bc5 4. Nc3 Nf6 5. d3 h6 6. Be3 Bb6 7. 0-0 0-0 8. h3 d6 9. Qd2 Be6 10. Bb3 Ba5 11. Rfe1 Bxb3 12. axb3 Bb6 13. d4 Qe7 14. d5 Bxe3 15. Rxe3 Nb4 16. Ne2 Na6 17. Ng3 g6 18. Ree1 Kh7 19. Nh4 Ng8 20. Nf3 Nf6 21. b4 Rac8 22. b5 Nc5 23. b4 Ncd7 24. c4 Ra8 25. Qc2 Rfc8 26. Rec1 c6 27. bxc6 bxc6 28. Qd3 cxd5 29. cxd5 Nb6 30. b5 Rc7 31. Rc6 Rac8 32. Rac1 Na4 33. Rxc7 Rxc7 34. Rc6 Nc5 35. Qc2 Rxc6 36. bxc6 Qc7 37. Qb2 Ne8 38. Nd2 Qb6 39. Qxb6 axb6 40. Ne2 Nc7 41. Nc4 b5 42. Nxd6 b4 43. Nc4 Nxe4 44. d6 Ne6 45. c7 Nxd6 46. Nxd6 Nxc7 47. Nxf7 Nd5 48. Nxe5 b3 49. Nc4 g5 50. Nd4 Nb6 51. Nb2 Kg6 52. Nxb3 Nd5 53. Nd3 Nc3 54. f3 Ne2+ 55. Kf2 Nd4 56. Nxd4 1-0

[Event "Balkan-ch U12"]
[Site "Tornelo INT"]
[Date "2020.10.31"]
[Round "4"]
[White "Nikolovski, Kiril"]
[Black "Cimperman, Teo"]
[Result "1/2-1/2"]
[WhiteElo "1375"]
[BlackElo "1447"]
[PlyCount "82"]
[EventDate "2020.10.31"]
[EventType "swiss"]
[EventRounds "7"]
[EventCountry "NET"]
[SourceTitle "EXT 2023"]
[Source "ChessBase"]
[SourceDate "2022.10.05"]
[SourceVersion "1"]
[SourceVersionDate "2022.10.05"]
[SourceQuality "1"]

1. e4 c5 2. Nc3 Nc6 3. f4 g6 4. Nf3 Bg7 5. Bb5 e6 6. Bxc6 bxc6 7. d3 d5 8. 0-0 Ne7 9. Kh1 0-0 10. g4 f5 11. g5 Bb7 12. e5 d4 13. Ne2 Nd5 14. Ng3 Qe8 15. Qe1 h6 16. h4 h5 17. Bd2 Qd7 18. Kg2 Rfb8 19. b3 Bf8 20. Nh1 Be7 21. Nf2 Bd8 22. Nd1 Ba6 23. Nb2 Nb4 24. Bxb4 cxb4 25. Nc4 Bxc4 26. dxc4 c5 27. Qe2 a5 28. Ne1 a4 29. Nd3 Be7 30. Qf3 axb3 31. axb3 Ra7 32. Kg3 Rba8 33. Qh1 Rxa1 34. Rxa1 Ra3 35. Rxa3 bxa3 36. Qa8+ Kg7 37. Qxa3 Qc6 38. Nf2 Qb6 39. Nd3 Qc6 40. Nf2 Qb6 41. Nd3 Qc6 1/2-1/2

[Event "EU-ch Online U12"]
[Site "Tornelo INT"]
[Date "2020.09.19"]
[Round "5"]
[White "Cimperman, Teo"]
[Black "Polomsky, Tomas"]
[Result "0-1"]
[WhiteElo "1447"]
[BlackElo "1295"]
[PlyCount "84"]
[EventDate "2020.09.18"]
[EventType "swiss (rapid)"]
[EventRounds "9"]
[EventCountry "NET"]
[SourceTitle "EXT 2023"]
[Source "ChessBase"]
[SourceDate "2022.10.05"]
[SourceVersion "1"]
[SourceVersionDate "2022.10.05"]
[SourceQuality "1"]
[WhiteTeam "Slovenia"]
[BlackTeam "Slovakia"]
[WhiteTeamCountry "SLO"]
[BlackTeamCountry "SVK"]

1. e4 c5 2. Nf3 Nc6 3. d4 cxd4 4. Nxd4 g6 5. Nc3 Bg7 6. Be3 Nf6 7. f3 0-0 8. Qd2 d5 9. exd5 Nxd5 10. 0-0-0 Nxe3 11. Nxc6 Qxd2+ 12. Kxd2 Nxd1 13. Nxe7+ Kh8 14. Kxd1 Be6 15. Ned5 Rfd8 16. Bc4 Bxc3 17. bxc3 Bxd5 18. Bd3 Bxa2 19. Kd2 Bc4 20. Re1 Bxd3 21. cxd3 Rd7 22. d4 Kg7 23. f4 Kf8 24. Kd3 Re8 25. Ra1 a6 26. c4 f5 27. d5 Re4 28. g3 Rc7 29. Rc1 b5 30. c5 Ke8 31. c6 Ke7 32. Rd1 Kd6 33. Kc3 Re2 34. h3 Rg2 35. Kd4 Re7 36. Rc1 Re4+ 37. Kc3 Rxg3+ 38. Kb2 Re2+ 39. Kb1 Rgg2 40. c7 Rb2+ 41. Ka1 Ra2+ 42. Kb1 Rgb2# 0-1

[Event "EU-ch Online U12"]
[Site "Tornelo INT"]
[Date "2020.09.19"]
[Round "4"]
[White "Kvaloy, Aksel Bu"]
[Black "Cimperman, Teo"]
[Result "1-0"]
[WhiteElo "1927"]
[BlackElo "1447"]
[PlyCount "97"]
[EventDate "2020.09.18"]
[EventType "swiss (rapid)"]
[EventRounds "9"]
[EventCountry "NET"]
[SourceTitle "EXT 2023"]
[Source "ChessBase"]
[SourceDate "2022.10.05"]
[SourceVersion "1"]
[SourceVersionDate "2022.10.05"]
[SourceQuality "1"]
[WhiteTeam "Norway"]
[BlackTeam "Slovenia"]
[WhiteTeamCountry "NOR"]
[BlackTeamCountry "SLO"]

1. e4 c5 2. Nf3 d6 3. d4 cxd4 4. Nxd4 Nf6 5. Nc3 Nc6 6. Bg5 g6 7. Bxf6 exf6 8. Qd2 Bg7 9. Nb3 f5 10. 0-0-0 Bxc3 11. Qxc3 0-0 12. exf5 Bxf5 13. f3 Rc8 14. Rd2 Qe7 15. Be2 Rc7 16. g4 Be6 17. Rhd1 Rfc8 18. Kb1 d5 19. a3 a6 20. Nd4 Ne5 21. Qe3 Nc4 22. Bxc4 dxc4 23. c3 Re8 24. Qf4 Rc5 25. Re2 Qd7 26. Rde1 b5 27. Qf6 Rd5 28. h4 Rd6 29. h5 Qe7 30. Qe5 Qd7 31. Ka1 Rd5 32. Qf6 Qe7 33. Qxe7 Rxe7 34. f4 gxh5 35. gxh5 Kg7 36. f5 Rd6 37. fxe6 fxe6 38. Nf5+ exf5 39. Rxe7+ Kf6 40. Rxh7 Kg5 41. Rg7+ Kf4 42. Rf1+ Ke3 43. Re7+ Kd2 44. Rxf5 Kc2 45. Ka2 Rd2 46. h6 Kc1 47. Rf1+ Kc2 48. h7 b4 49. axb4 1-0

[Event "EU-ch Online U12"]
[Site "Tornelo INT"]
[Date "2020.09.18"]
[Round "1"]
[White "Cimperman, Teo"]
[Black "Bialiauski, Artsiom"]
[Result "0-1"]
[WhiteElo "1447"]
[BlackElo "1860"]
[PlyCount "70"]
[EventDate "2020.09.18"]
[EventType "swiss (rapid)"]
[EventRounds "9"]
[EventCountry "NET"]
[SourceTitle "EXT 2023"]
[Source "ChessBase"]
[SourceDate "2022.10.05"]
[SourceVersion "1"]
[SourceVersionDate "2022.10.05"]
[SourceQuality "1"]
[WhiteTeam "Slovenia"]
[BlackTeam "Belarus"]
[WhiteTeamCountry "SLO"]
[BlackTeamCountry "BLR"]

1. e4 e5 2. Nf3 d6 3. Bc4 Be7 4. 0-0 Nf6 5. d3 0-0 6. c3 c5 7. Re1 Nc6 8. Nbd2 Be6 9. Bb3 Qc7 10. Bc2 Rad8 11. Nf1 d5 12. Ng3 dxe4 13. Nxe4 Nxe4 14. Rxe4 Bf5 15. Re3 e4 16. Ne1 exd3 17. Qf3 Bg5 18. Qxf5 Bxe3 19. Bxd3 g6 20. Qf6 Bxc1 21. Rxc1 Qe5 22. Qf3 Rfe8 23. h3 Qg5 24. Bc4 Ne5 25. Bxf7+ Nxf7 26. Ra1 Qd2 27. Kf1 Qxb2 28. Rd1 Rxd1 29. Qxd1 Qb5+ 30. Kg1 Qe2 31. Qd7 Qxe1+ 32. Kh2 Qe5+ 33. g3 Qe2 34. Kg2 Qe4+ 35. Kh2 Ng5 0-1

[Event "SLO-chT2 West"]
[Site "Komenda"]
[Date "2019.11.17"]
[Round "4.4"]
[White "Cimperman, Teo"]
[Black "Kosanovic, Aleksander"]
[Result "0-1"]
[WhiteElo "1364"]
[BlackElo "1287"]
[PlyCount "82"]
[EventDate "2019.11.15"]
[EventType "team-tourn"]
[EventRounds "9"]
[EventCountry "SLO"]
[SourceTitle "EXT 2024"]
[Source "ChessBase"]
[SourceDate "2023.10.10"]
[SourceVersion "1"]
[SourceVersionDate "2023.10.10"]
[SourceQuality "1"]
[WhiteTeam "Komenda SK"]
[BlackTeam "Domzale Tajfun II"]
[WhiteTeamCountry "SLO"]
[BlackTeamCountry "SLO"]

1. e4 c5 2. Nf3 Nc6 3. d4 cxd4 4. Nxd4 g6 5. Nc3 Bg7 6. Be3 Nf6 7. f3 a6 8. Qd2 d5 9. Nxc6 bxc6 10. 0-0-0 Bb7 11. Bg5 0-0 12. Bxf6 Bxf6 13. exd5 Bxc3 14. Qxc3 cxd5 15. h4 Rc8 16. Qb3 Rc7 17. h5 Qd6 18. hxg6 fxg6 19. Bd3 Bc8 20. Rh6 Qf4+ 21. Kb1 Qxh6 22. Qxd5+ e6 23. Qe5 Qg7 24. Qh2 Rb7 25. b3 Rb4 26. Qd6 Rd4 27. Qg3 Rff4 28. Re1 Rf7 29. Qb8 Qf8 30. Qb6 Qb4 31. Rxe6 Bxe6 32. Qxe6 Qd6 33. Qe8+ Kg7 34. Bc4 Rxc4 35. bxc4 Qb4+ 36. Kc1 Qxc4 37. Qe5+ Rf6 38. g4 Qf4+ 39. Kb1 Qxe5 40. g5 Rb6+ 41. Kc1 Qe1# 0-1

[Event "SLO-chT Central 20th"]
[Site "Slovenia"]
[Date "2019.10.17"]
[Round "6.4"]
[White "Halilovic, Elma"]
[Black "Cimperman, Teo"]
[Result "0-1"]
[WhiteElo "1271"]
[BlackElo "1361"]
[PlyCount "72"]
[EventDate "2019.09.12"]
[EventType "team-tourn"]
[EventRounds "7"]
[EventCountry "SLO"]
[SourceTitle "EXT 2024"]
[Source "ChessBase"]
[SourceDate "2023.10.10"]
[SourceVersion "1"]
[SourceVersionDate "2023.10.10"]
[SourceQuality "1"]
[WhiteTeam "Menges Trzin"]
[BlackTeam "Komenda Popotnik"]
[WhiteTeamCountry "SLO"]
[BlackTeamCountry "SLO"]

1. e4 c5 2. Nf3 d6 3. d4 cxd4 4. Nxd4 Nf6 5. Nc3 g6 6. Bc4 Bg7 7. 0-0 0-0 8. Bg5 Nc6 9. Nxc6 bxc6 10. Re1 Rb8 11. Bb3 Qa5 12. Bd2 Qc7 13. Bf4 Nh5 14. Bd2 e6 15. Rb1 d5 16. Qf3 Rd8 17. exd5 cxd5 18. g4 d4 19. Ne4 f5 20. gxh5 fxe4 21. Qxe4 gxh5 22. Bxe6+ Bxe6 23. Qxe6+ Kh8 24. Qf5 Rg8 25. Kh1 Rbf8 26. Bf4 Rxf5 27. Bxc7 Rxf2 28. Rbc1 h4 29. Be5 h3 30. Bg3 Rg2 31. Rf1 Rc8 32. Rf2 Bh6 33. Rb1 Rxc2 34. Rxc2 Rxc2 35. a4 d3 36. Rd1 d2 0-1

[Event "SLO-chT Central 20th"]
[Site "Slovenia"]
[Date "2019.10.10"]
[Round "5.3"]
[White "Cimperman, Teo"]
[Black "Butala, Marjan"]
[Result "1-0"]
[WhiteElo "1361"]
[BlackElo "1936"]
[PlyCount "67"]
[EventDate "2019.09.12"]
[EventType "team-tourn"]
[EventRounds "7"]
[EventCountry "SLO"]
[SourceTitle "EXT 2024"]
[Source "ChessBase"]
[SourceDate "2023.10.10"]
[SourceVersion "1"]
[SourceVersionDate "2023.10.10"]
[SourceQuality "1"]
[WhiteTeam "Komenda Popotnik"]
[BlackTeam "Visnja Gora Sticna"]
[WhiteTeamCountry "SLO"]
[BlackTeamCountry "SLO"]

1. e4 e5 2. Nf3 Nc6 3. Bc4 Nf6 4. Nc3 Nxe4 5. Nxe4 d5 6. Bd3 dxe4 7. Bxe4 Bd6 8. c3 0-0 9. 0-0 f5 10. Bxc6 bxc6 11. d3 Qf6 12. Re1 h6 13. h3 Bd7 14. Kh1 c5 15. a3 a5 16. c4 Bc6 17. Bd2 Bxf3 18. Qxf3 e4 19. dxe4 fxe4 20. Qxe4 Qxb2 21. Rad1 Rae8 22. Qd5+ Kh8 23. Rxe8 Rxe8 24. Qh5 Rf8 25. Be3 Kh7 26. Bxc5 Bxc5 27. Qxc5 Rxf2 28. Qxa5 Rxg2 29. Qf5+ Rg6 30. Rg1 Qf6 31. Qxg6+ Qxg6 32. Rxg6 Kxg6 33. a4 Kf6 34. a5 1-0